| 000 | 01629cam a22003618i 4500 | ||
|---|---|---|---|
| 999 |
_c2002 _d2002 |
||
| 001 | 18961969 | ||
| 003 | OSt | ||
| 005 | 20230223084457.0 | ||
| 008 | 160204s2016 nyu b 001 0 eng | ||
| 010 | _a 2016004997 | ||
| 020 | _a9781477788868 (pbk.) | ||
| 040 |
_aDLC _beng _cDLC _erda _dKH8 |
||
| 042 | _apcc | ||
| 043 | _aa-cc--- | ||
| 082 | 0 | 0 |
_a931 LUS _223 |
| 100 | 1 |
_aLüsted, Marcia Amidon, _eauthor. |
|
| 245 | 1 | 0 |
_aAncient Chinese daily life / _cMarcia Amidon Lüsted. |
| 250 | _aFirst edition. | ||
| 263 | _a1604 | ||
| 264 | 1 |
_aNew York : _bRosen Publishing, _c2016. |
|
| 300 |
_a48 pages : _bcolor illustrations ; _c25 cm. |
||
| 336 |
_atext _btxt _2rdacontent |
||
| 337 |
_aunmediated _bn _2rdamedia |
||
| 338 |
_avolume _bnc _2rdacarrier |
||
| 490 | 0 | _aSpotlight on the rise and fall of ancient civilizations | |
| 504 | _aIncludes bibliographical references and index. | ||
| 505 | 0 | _aA long time ago, along the Yellow River -- A mysterious civilization -- Staying and farming -- Home sweet home -- What's for dinner? -- What they wore...and more -- From Xia to Shang -- A dynasty of inventions -- Inside and outside the city walls -- Life at home -- Cooking and chopsticks -- Gods and ancestors -- Enter the Zhou -- Politics and family -- Farm and field -- Living at home in the Zhou Dynasty -- Zhou dressed for class -- Food for peasants and kings -- An ancient legacy. | |
| 521 | 2 | _aGrades 7-12. | |
| 651 | 0 |
_aChina _xSocial life and customs _yTo 221 B.C. |
|
| 906 |
_a7 _bcbc _corignew _d1 _eecip _f20 _gy-gencatlg |
||
| 942 |
_2ddc _cNFIC |
||